Stanovenie hodnoty ušlého zisku diplomová práca

Enregistré dans:
Détails bibliographiques
Auteur principal: Kridla, Jaroslav
Collectivité auteur: Fakulta podnikového manažmentu EU. Katedra podnikových financií
Autres auteurs: Harumová, Anna, 1955-
Format: Livre
Langue:slovaque
Publié: Bratislava 2020
Tags: Ajouter un tag
Pas de tags, Soyez le premier à ajouter un tag!

MARC

LEADER 00000nbm a2200000 4500
001 0265900
005 20201126093630.3
041 0 |a slo 
044 |a SK 
245 1 0 |a Stanovenie hodnoty ušlého zisku  |b diplomová práca  |c Jaroslav Kridla ; školiteľ: Anna Harumová 
264 1 |a Bratislava  |c 2020 
300 |a 71 s. 
100 1 |a Kridla, Jaroslav 
700 1 |a Harumová, Anna, 1955- 
710 2 |a Fakulta podnikového manažmentu EU. Katedra podnikových financií